| 000 | 00574cas a2200181u| 4500 | ||
|---|---|---|---|
| 005 | 20260416053031.0 | ||
| 020 |
_a9780071074827 _cTZS 55,000/= |
||
| 020 | _a0071074821 | ||
| 040 |
_aMCCL _beng. _eAACR 2nd rev. ed. |
||
| 082 | _a351 LAX | ||
| 100 | _aLaxmikanth M. | ||
| 245 | 0 | 0 |
_aPublic administration: _bfor state cicil services and other competitive examinations/ _cM Laxmikanth |
| 260 |
_aNew Delhi: _bMcGraw hill educatio (India) private limited, _cc2011. |
||
| 300 |
_axiii,982 p.: _bill.; _c24 cm. |
||
| 546 | _aeng. | ||
| 650 | 0 | _aPublic administration | |
| 942 | _cBK | ||
| 999 |
_c12658 _d12658 |
||